| 000 | 01002nam a2200289 i 4500 | ||
|---|---|---|---|
| 003 | EG-ScBUE | ||
| 005 | 20240313115656.0 | ||
| 008 | 141030s2014 e bo f b 001 0 eng d | ||
| 020 | _a9780141037141 | ||
| 040 |
_aEG-ScBUE _beng _erda _cEG-ScBUE _dEG-ScBUE |
||
| 082 | 0 | 4 |
_222 _a940.53 _bSTO |
| 100 | 1 |
_936376 _aStone, Norman, _d1941- _eauthor. |
|
| 245 | 1 | 0 |
_aWorld war two : _ba short history / _cNorman Stone. |
| 246 | 3 | _aWorld War 2 | |
| 246 | 3 | _aWorld War II | |
| 246 | 3 | 4 |
_aA short WWII history : _b'a master historian-the snappiest history of the war you'll ever read' |
| 264 | 1 |
_aLondon : _bPenguin Books, _c2014. |
|
| 300 |
_axxvi, 238 pages : _bmaps, photographs ; _c20 cm |
||
| 336 |
_2rdacontent _atext _btxt |
||
| 337 |
_aunmediated _2rdamedia _bn |
||
| 338 |
_avolume _bnc _2rdacarrier |
||
| 504 | _aIncludes bibliographical references and index. | ||
| 650 | 7 |
_913860 _aWorld War, 1939-1945 _2BUEsh |
|
| 653 |
_bBUSBOL _cOctober2014 |
||
| 655 |
_vReading book _934232 |
||
| 942 |
_2ddc _cBB |
||
| 999 |
_c18521 _d18493 |
||